LIBRARY & INFORMATION CENTRE, KCAET, TAVANUR

ONLINE PUBLIC ACCESS CATALOGUE (OPAC)

Mechanical Workshop Practice (Record no. 14205)

MARC details
000 -LEADER
fixed length control field 00314nam a22001337a 4500
020 ## - INTERNATIONAL STANDARD BOOK NUMBER
ISBN 9788120341661
082 ## - DEWEY DECIMAL CLASSIFICATION NUMBER
Classification number 670.423
Item number JOH/ME
100 ## - MAIN ENTRY--AUTHOR NAME
Personal name John, K. C
245 ## - TITLE STATEMENT
Title Mechanical Workshop Practice
250 ## - EDITION STATEMENT
Edition statement 2
260 ## - PUBLICATION, DISTRIBUTION, ETC. (IMPRINT)
Place of publication New Delhi
Name of publisher PHI Leearning Private Limited
Year of publication 2012
300 ## - PHYSICAL DESCRIPTION
Number of Pages 233
942 ## - ADDED ENTRY ELEMENTS (KOHA)
Koha item type Books
Holdings
Withdrawn status Lost status Damaged status Collection code Home library Current library Shelving location Date acquired Source of acquisition Cost, normal purchase price Full call number Accession Number Koha item type
        KAUAET KAUAET General Stacks 30/03/2013 Aman Book Stall, Calicut 175.00 670.423 JOH/ME 24081 Books
free website counter